000 00666nam a2200181Ia 4500
005 20250326140540.0
008 250326s9999 xx 000 0 und d
037 _aTextbook
040 _aFMSL
_beng
_cFMSL
041 _aeng
_2eng
084 _aX4II:89ZB.44 N8
_qFMSL
100 _aAssociated Chambers OF Commerce And Industry OF India
_9742543
245 0 _aInternational seminar on road development in India
_cAssociated Chambers OF Commerce And Industry OF India
260 _aNew Delhi
_bNew Delhi, Associated chambers of commerce and industry of India
_c1998
300 _a46p
942 _cTB
_hX4II:89ZB.44 N8
999 _c1286267
_d1286267